000 01318nam a2200217Ia 4500
003 Ost
005 20260507075355.0
008 260507s9999||||xx |||||||||||||| ||und||
040 _cfsecg
041 _aara
082 _a330
100 _eمؤلف
245 0 _aأعمال مؤتمر الشراكة بين القطاع العام والقطاع الخاص :
_bمقاربة اقتصادية، قانونية وميدانية /
260 _aبيروت:
_bالجمعية اللبنانية لفلسفة القانون,
_c2013
300 _a248 صفحة؛
_bإيضاحات ؛
_c24 سم
520 _aالعولمة وأخلاقيات الأعمال- الخصخصة بين النظرية والتطبيقة- الشراكة في القانون الاروبي- المفاضلة بين القطاع العام والخاص- العلاقة الجدلية بين القطاع العام والقطاع الخاص- شراكة العام والخاص- تطوير الأداء الاكاديمي والبحث العلمي- دور الشركات المتعددة الجنسيات في التاثير على سيادة الدول- حول الشراكة بين القطاع العام والخاص
653 _aالقطاع الخاص
653 _aالقطاع العام
653 _aمؤتمرات
942 _cكتاب
999 _c44202
_d44202